000 00379 a2200145 4500
999 _c7257
_d7257
020 _a0702117781
050 _aKF479 VAN 1979
100 _aVan der Berg, J
_eauthor
245 _aBail :
_ba practionner's guide
_cJ Van Der Berg
264 _aCape Town :
_bJuta,
_c19446
300 _a186p.
500 _aIncludes index
650 _aBail application
942 _2lcc
_cBK
_h479
_iVAN
_kKF